Music Quiz

Random Music or Song Quiz
Score 0/30 Timer 06:00
0 Plays Today
% Correct
Katy Perry
90.7%
Eminem
86.1%
Rihanna
85.2%
Usher
84.3%
Usher
84.3%
Bruno Mars
78.7%
Taio Cruz
76.9%
Flo-Rida
68.5%
Taylor Swift
65.7%
Taylor Swift
65.7%
Taylor Swift
65.7%
Mike Posner
64.8%
Mike Posner
64.8%
Nelly
63.9%
Far East Movement
63%
% Correct
Pink
62%
Enrique Iglesias
59.3%
Cee Lo Green
57.4%
Ke$ha
53.7%
Trey Songz
45.4%
Neon Trees
39.8%
Chris Brown
39.8%
OneRepublic
29.6%
Lil Wayne
24.1%
The Ready Set
23.1%
Sugarland
21.3%
The Band Perry
19.4%
will.i.am
15.7%
Waka Flocka Flame
10.2%
Yolanda Be Cool & Dcup
5.6%
Remove Ads.
Support Sporcle.
Get the best of Sporcle when you Go Orange. This ad-free experience offers more features, more stats, and more fun while also helping to support Sporcle. Thank you for becoming a member.

You're not logged in!

Compare scores with friends on all Sporcle quizzes.
OR
Log In

Show Comments

Extras

Created Oct 29, 2010ReportNominate
Tags:Song Quiz, October, Top 30

Top Quizzes Today


Score Distribution

Your Account Isn't Verified!

In order to create a playlist on Sporcle, you need to verify the email address you used during registration. Go to your Sporcle Settings to finish the process.

Report this User

Report this user for behavior that violates our Community Guidelines.

Details: